000 00226nam a22001097a 4500
082 _a494
_bSHA/V
245 _aVIKRAM VETHAL
260 _aDELHI
_bSHANTI PUBLICATION
300 _a143
650 _aSTORY HINDI
_zDELHI
942 _cBK
999 _c4838
_d4838